000 00426nam a2200169 a 4500
001 0000-9035
003 ELIB.Books
008 110520 1969
035 _a(ELIB.Books)0000-9184
082 _a221.7
_bTay
100 _aTaylor, John B.
245 _aTyndale (Ezekiel)
260 _bDowners Grove: Inter Varsity Press
_c1969
650 _aCommentaries
942 _2ddc
_cBK
998 _cbat
_e2011-05-20
999 _c9035
_d9035